000 002500000a22000970004500
100 1 _aMcGee, Gary B.
245 1 0 _aMiracles and missions revisited
300 _aVol. 25, Núm 4 (2001), Páginas 146-156
773 0 _tInternational Bulletin
942 _cANA
999 _c57240
_d57240